Sociálny fond - tvorba a čerpanie

Spôsob tvorby sociálneho fondu. Prevod finančných prostriedkov na účet sociálneho fondu. Zásady použitia prostriedkov sociálneho fondu, okruh oblastí, na ktoré zamestnávateľ poskytuje príspevky zo sociálneho fondu.

Guardado en:
Detalles Bibliográficos
Autor principal: Mintál, Ján
Formato: Capítulo de libro
Lenguaje:eslovaco
Materias:
Etiquetas: Agregar Etiqueta
Sin Etiquetas, Sea el primero en etiquetar este registro!

MARC

LEADER 00000naa a2200000 4500
001 0231150
005 20170601102302.2
041 0 |a slo 
044 |a SK 
245 1 0 |a Sociálny fond - tvorba a čerpanie  |c Ján Mintál 
520 |a Spôsob tvorby sociálneho fondu. Prevod finančných prostriedkov na účet sociálneho fondu. Zásady použitia prostriedkov sociálneho fondu, okruh oblastí, na ktoré zamestnávateľ poskytuje príspevky zo sociálneho fondu. 
610 2 0 |a fond sociálny 
610 2 0 |a politika sociálna podniková 
610 2 0 |a účty 
610 2 0 |a starostlivosť o pracovníkov 
100 1 |a Mintál, Ján